[Event "Olomouc IM1 22nd"]
[Site "Olomouc"]
[Date "2019.08.14"]
[Round "6"]
[White "Malisov, Boris"]
[Black "Camarena Gimenez, Rufino"]
[Result "0-1"]
[WhiteElo "2271"]
[BlackElo "2317"]
[PlyCount "96"]
[EventDate "2019.08.10"]
[EventType "tourn"]
[EventRounds "9"]
[EventCountry "CZE"]
[SourceTitle "CBM 191 Extra"]
[Source "ChessBase"]
[SourceDate "2019.09.30"]
[SourceVersion "1"]
[SourceVersionDate "2019.09.30"]
[SourceQuality "1"]

1. e4 e6 2. d3 c5 3. Nd2 Nc6 4. g3 g6 5. Bg2 Bg7 6. f4 d6 7. Nh3 Nge7 8. 0-0 0-0 9. g4 f5 10. gxf5 exf5 11. c3 h6 12. Nf3 Be6 13. Kh1 Qd7 14. Nf2 Rae8 15. Re1 fxe4 16. dxe4 d5 17. e5 b6 18. b3 Rd8 19. Bd2 Nf5 20. Qe2 Qf7 21. Rad1 d4 22. c4 Nb4 23. Bxb4 cxb4 24. Ng4 Qc7 25. Qe4 Qc5 26. Rd2 Kh7 27. Red1 b5 28. Nf6+ Bxf6 29. exf6 Rxf6 30. Qb7+ Rd7 31. Qxb5 Qxb5 32. cxb5 Ne3 33. Ne5 Rc7 34. Re1 Rxf4 35. Nc6 Rd7 36. Nxb4 Bf5 37. Bc6 Rf7 38. h3 Bxh3 39. a4 Be6 40. a5 Bxb3 41. b6 Nc4 42. b7 Rxb7 43. Bxb7 Nxd2 44. a6 h5 45. Re8 Bc4 46. Nc6 Bd5+ 47. Kh2 Nf1+ 48. Kg1 d3 0-1

[Event "Olomouc IM1 22nd"]
[Site "Olomouc"]
[Date "2019.08.11"]
[Round "3"]
[White "Malisov, Boris"]
[Black "Biolek, Richard"]
[Result "0-1"]
[WhiteElo "2271"]
[BlackElo "2416"]
[PlyCount "98"]
[EventDate "2019.08.10"]
[EventType "tourn"]
[EventRounds "9"]
[EventCountry "CZE"]
[SourceTitle "CBM 191 Extra"]
[Source "ChessBase"]
[SourceDate "2019.09.30"]
[SourceVersion "1"]
[SourceVersionDate "2019.09.30"]
[SourceQuality "1"]

1. e4 e5 2. Bc4 Nf6 3. d3 Nc6 4. Nf3 Be7 5. 0-0 0-0 6. Nbd2 d6 7. c3 Na5 8. Bb5 a6 9. Ba4 b5 10. Bc2 c5 11. Re1 Qc7 12. Nf1 Re8 13. Ng3 Nc6 14. h3 h6 15. Nh2 Nh7 16. Nf5 Bg5 17. Bxg5 hxg5 18. Qf3 Ne7 19. Nxe7+ Rxe7 20. Ng4 Be6 21. a3 a5 22. Ne3 Rf8 23. Red1 Qb6 24. Rab1 Rc7 25. Qe2 g6 26. g4 b4 27. Ba4 Nf6 28. c4 Nh7 29. Bb5 Ra7 30. a4 f6 31. Kg2 Rg7 32. Rh1 Qb7 33. f3 f5 34. b3 Rf6 35. Rbf1 Qa8 36. Rf2 Rgf7 37. Rhf1 Kg7 38. Rh1 Nf8 39. Rhf1 Bc8 40. Nd5 Ne6 41. Qd1 Nf4+ 42. Nxf4 exf4 43. Re2 fxg4 44. hxg4 Bxg4 45. e5 Bxf3+ 46. Rxf3 dxe5 47. Re4 Rd6 48. Rf1 g4 49. Rh1 Rd4 0-1

[Event "Olomouc IM1 22nd"]
[Site "Olomouc"]
[Date "2019.08.11"]
[Round "2"]
[White "Singh, S Vikramjit"]
[Black "Malisov, Boris"]
[Result "1-0"]
[WhiteElo "2185"]
[BlackElo "2271"]
[PlyCount "145"]
[EventDate "2019.08.10"]
[EventType "tourn"]
[EventRounds "9"]
[EventCountry "CZE"]
[SourceTitle "CBM 191 Extra"]
[Source "ChessBase"]
[SourceDate "2019.09.30"]
[SourceVersion "1"]
[SourceVersionDate "2019.09.30"]
[SourceQuality "1"]

1. d4 c5 2. d5 Nf6 3. c4 e5 4. Nc3 d6 5. e4 g6 6. Be2 Bg7 7. g4 h5 8. g5 Nh7 9. h4 0-0 10. Be3 a6 11. Nf3 Bg4 12. Nd2 Bxe2 13. Qxe2 Nd7 14. a4 Kh8 15. Kd1 Qe7 16. Kc2 Rab8 17. a5 b6 18. axb6 Rxb6 19. b3 Nb8 20. Rhg1 Qe8 21. Rg2 Rb7 22. Nf3 Qd8 23. Nd2 Qe8 24. Nf3 Rg8 25. Bc1 Qe7 26. Rg3 Qd7 27. Bd2 Re8 28. Qd3 Nf8 29. Nd1 Kg8 30. Ba5 Nh7 31. Ne3 Nf8 32. Qf1 Nh7 33. Qg2 Nf8 34. Nd1 Qc8 35. Nb2 Nbd7 36. Ra3 Nb8 37. Nd2 Nbd7 38. Qh3 Nb8 39. Qxc8 Rxc8 40. Nf3 Nfd7 41. Nd3 Bf8 42. Bd2 Bg7 43. Rg1 Bf8 44. Be3 Be7 45. Nd2 Bf8 46. Raa1 Kg7 47. f4 exf4 48. Bxf4 Re8 49. Rge1 Ne5 50. Bxe5+ dxe5 51. Ra5 Rc7 52. Rf1 Rcc8 53. b4 cxb4 54. c5 Bd6 55. Nb3 Be7 56. Kb2 f6 57. gxf6+ Bxf6 58. Nxb4 Bxh4 59. Nxa6 Bd8 60. Raa1 h4 61. Nb4 g5 62. d6 Kg6 63. Ra8 Bf6 64. Nd5 Bg7 65. Ne7+ Rxe7 66. dxe7 g4 67. c6 Nxc6 68. e8Q+ Rxe8 69. Rxe8 h3 70. Re6+ Kg5 71. Rxc6 h2 72. Nd2 Kh5 73. Rh1 1-0

[Event "WchT Seniors 65"]
[Site "Hersonissos"]
[Date "2017.04.30"]
[Round "7.4"]
[White "Zhelnin, Vladimir V"]
[Black "Malisov, Boris"]
[Result "1/2-1/2"]
[WhiteElo "2455"]
[BlackElo "2283"]
[PlyCount "116"]
[EventDate "2017.04.24"]
[EventType "team-swiss"]
[EventRounds "9"]
[EventCountry "GRE"]
[SourceTitle "CBM 178 Extra"]
[Source "ChessBase"]
[SourceDate "2017.06.22"]
[SourceVersion "1"]
[SourceVersionDate "2017.06.22"]
[SourceQuality "1"]
[WhiteTeam "Russia"]
[BlackTeam "Israel"]
[WhiteTeamCountry "RUS"]
[BlackTeamCountry "ISR"]

1. e4 c5 2. Nf3 g6 3. d4 Bg7 4. c4 Qa5+ 5. Nc3 Nc6 6. d5 Nd4 7. Bd2 Nxf3+ 8. Qxf3 d6 9. Bd3 Nf6 10. Qe2 0-0 11. 0-0 e5 12. f4 exf4 13. Bxf4 Qd8 14. Nb5 Ne8 15. e5 dxe5 16. Bxe5 Bg4 17. Qe1 a6 18. Nc3 b6 19. Bxg7 Kxg7 20. Qg3 Bc8 21. Rae1 Nd6 22. Ne4 Nxe4 23. Rxe4 Ra7 24. Rfe1 f5 25. Re5 Raf7 26. Bc2 Bd7 27. Qf4 Qf6 28. h3 Kh8 29. Bd1 a5 30. Bc2 Rg7 31. Qd2 f4 32. Qc3 f3 33. Rf1 f2+ 34. Kh1 Kg8 35. Qg3 Rgf7 36. Bd1 Qf4 37. Qxf4 Rxf4 38. Bf3 Bxh3 39. Rxf2 Bg4 40. d6 Bxf3 41. Rxf3 Rxf3 42. gxf3 Rd8 43. Re6 Kf7 44. Re7+ Kf6 45. Rxh7 Rxd6 46. b3 Ke5 47. Kg2 Kd4 48. Kg3 a4 49. bxa4 Kxc4 50. Kf4 Rf6+ 51. Ke3 Kb4 52. f4 c4 53. Rc7 Rd6 54. Ke4 c3 55. Ke5 Rd2 56. Rc6 Rxa2 57. Rxb6+ Kc4 58. Rxg6 Rxa4 1/2-1/2

[Event "Jerusalem Japhet Memorial op 3rd"]
[Site "Jerusalem"]
[Date "2016.07.11"]
[Round "3"]
[White "Antipov, Mikhail Al"]
[Black "Malisov, Boris"]
[Result "1-0"]
[WhiteElo "2584"]
[BlackElo "2252"]
[PlyCount "81"]
[EventDate "2016.07.10"]
[EventType "swiss"]
[EventRounds "7"]
[EventCountry "ISR"]
[SourceTitle "CBM 173 Extra"]
[Source "ChessBase"]
[SourceDate "2016.08.29"]
[SourceVersion "1"]
[SourceVersionDate "2016.08.29"]
[SourceQuality "1"]

1. e4 c5 2. Nf3 g6 3. d4 Bg7 4. dxc5 Qa5+ 5. c3 Qxc5 6. Na3 Qa5 7. e5 Nc6 8. Bf4 a6 9. Nc4 Qd8 10. Be3 Kf8 11. Nb6 Rb8 12. Qd5 Nh6 13. Bc4 Qe8 14. Bf4 e6 15. Qd2 Nf5 16. 0-0-0 Qd8 17. Nxd7+ Bxd7 18. Qxd7 Qxd7 19. Rxd7 h6 20. h4 Na5 21. Be2 Ne7 22. Rhd1 Ke8 23. b4 Nac6 24. b5 Nd8 25. c4 Rc8 26. a4 axb5 27. axb5 Nd5 28. Rxd8+ Rxd8 29. cxd5 exd5 30. Nd4 Ke7 31. Bg3 Rhe8 32. f4 Kf8 33. Be1 Kg8 34. Bb4 Bf8 35. Bxf8 Kxf8 36. Kb2 g5 37. hxg5 hxg5 38. g3 gxf4 39. gxf4 f6 40. e6 Ke7 41. Nf5+ 1-0

[Event "Wch Seniors 65 24th"]
[Site "Katerini"]
[Date "2014.11.02"]
[Round "9"]
[White "Malisov, Boris"]
[Black "Suba, Mihai"]
[Result "1-0"]
[WhiteElo "2250"]
[BlackElo "2341"]
[PlyCount "145"]
[EventDate "2014.10.24"]
[EventType "swiss"]
[EventRounds "11"]
[EventCountry "GRE"]
[SourceTitle "EXT 2015"]
[Source "ChessBase"]
[SourceDate "2014.11.20"]
[SourceVersion "1"]
[SourceVersionDate "2014.11.20"]
[SourceQuality "1"]

1. g3 d5 2. Bg2 c6 3. Nf3 Bg4 4. h3 Bxf3 5. Bxf3 Nd7 6. d3 e6 7. Nd2 Ngf6 8. e4 Qb8 9. Qe2 Be7 10. Bg2 0-0 11. 0-0 Rd8 12. Nf3 a5 13. e5 Ne8 14. h4 h6 15. Bf4 a4 16. a3 Qa7 17. h5 Nf8 18. g4 Nh7 19. Qd2 Qa5 20. c3 Rd7 21. Rae1 Qd8 22. Bg3 Nc7 23. Nh2 Bh4 24. Bxh4 Qxh4 25. d4 c5 26. f4 Na6 27. Re3 Rc8 28. Rh3 Qe7 29. Nf3 cxd4 30. cxd4 Rdc7 31. Rf2 Rc1+ 32. Kh2 Qc7 33. Ne1 Nb8 34. g5 hxg5 35. fxg5 Rxe1 36. Qxe1 Nxg5 37. Rg3 Qe7 38. Qe3 Nh7 39. Bh3 Kh8 40. Rfg2 Rg8 41. Qg1 Qf8 42. Rf2 Qe7 43. Rfg2 Qf8 44. Bg4 Nc6 45. Bd1 Qe7 46. Kh3 f6 47. exf6 Qxf6 48. Rg6 Qf5+ 49. Bg4 Ng5+ 50. Kh4 Qe4 51. Rxg5 Nxd4 52. Kh3 Rf8 53. Rg3 Qf4 54. Bd1 Nf5 55. R3g4 Qd2 56. Rxf5 exf5 57. Rg2 Qh6 58. Qd4 Re8 59. Rg6 Qe3+ 60. Qxe3 Rxe3+ 61. Rg3 Re1 62. Rd3 b5 63. Rxd5 Kh7 64. Kg3 b4 65. axb4 Re4 66. b5 Rb4 67. Rxf5 Kh6 68. Rc5 Rxb2 69. Bxa4 g6 70. hxg6 Kxg6 71. Bc2+ Kf6 72. Kf4 Ke6 73. Bd3 1-0

[Event "Wch Seniors 65 24th"]
[Site "Katerini"]
[Date "2014.10.31"]
[Round "7"]
[White "Malisov, Boris"]
[Black "Batakovs, Olegs N"]
[Result "1/2-1/2"]
[WhiteElo "2250"]
[BlackElo "2098"]
[PlyCount "121"]
[EventDate "2014.10.24"]
[EventType "swiss"]
[EventRounds "11"]
[EventCountry "GRE"]
[SourceTitle "EXT 2015"]
[Source "ChessBase"]
[SourceDate "2014.11.20"]
[SourceVersion "1"]
[SourceVersionDate "2014.11.20"]
[SourceQuality "1"]

1. d4 Nf6 2. Nf3 g6 3. Nc3 d6 4. e4 Bg4 5. h3 Bxf3 6. Qxf3 c6 7. e5 Nfd7 8. Bc4 e6 9. exd6 Bxd6 10. Ne4 Be7 11. c3 Nf6 12. 0-0 Nxe4 13. Qxe4 0-0 14. Bh6 Re8 15. Rfe1 Nd7 16. Rad1 Bg5 17. Bxg5 Qxg5 18. h4 Qf5 19. g3 Qxe4 20. Rxe4 h5 21. Kg2 Rad8 22. Bb3 Nf6 23. Re5 Rd6 24. f3 Red8 25. Ra5 a6 26. Kf2 Kg7 27. Re1 Nd5 28. g4 hxg4 29. fxg4 Rh8 30. Kg3 Rhd8 31. Bc2 Nf6 32. Rae5 Nd5 33. h5 Ne7 34. Rf1 Rh8 35. hxg6 Nxg6 36. Rh5 Rdd8 37. Rfh1 Rxh5 38. gxh5 Rh8 39. Rh2 Ne7 40. Kh4 f6 41. Re2 Kf7 42. Bb3 Nd5 43. Rf2 Rg8 44. Bc2 f5 45. Bd1 Rg1 46. Bf3 Kf6 47. Rg2 Rxg2 48. Bxg2 Ne3 49. Bf3 Nc4 50. b3 Nd2 51. Bg2 Nb1 52. c4 Nc3 53. a3 a5 54. h6 Kg6 55. h7 Kxh7 56. Kg5 Kg7 57. d5 cxd5 58. cxd5 Kf7 59. dxe6+ Kxe6 60. Bxb7 Nb5 61. b4 1/2-1/2

[Event "Wch Seniors 65 24th"]
[Site "Katerini"]
[Date "2014.10.29"]
[Round "6"]
[White "Baeta, Marcio Netto"]
[Black "Malisov, Boris"]
[Result "0-1"]
[WhiteElo "2074"]
[BlackElo "2250"]
[PlyCount "50"]
[EventDate "2014.10.24"]
[EventType "swiss"]
[EventRounds "11"]
[EventCountry "GRE"]
[SourceTitle "EXT 2015"]
[Source "ChessBase"]
[SourceDate "2014.11.20"]
[SourceVersion "1"]
[SourceVersionDate "2014.11.20"]
[SourceQuality "1"]

1. e4 c5 2. Nf3 g6 3. d4 Bg7 4. dxc5 Qa5+ 5. c3 Qxc5 6. Be3 Qc7 7. Bd4 Nf6 8. e5 Ng4 9. e6 f6 10. Bb5 0-0 11. h3 Nh6 12. exd7 Nxd7 13. Qb3+ Kh8 14. g4 a6 15. Bc4 Nc5 16. Qc2 Ne6 17. Nbd2 Nxd4 18. Nxd4 b5 19. Bd5 Rb8 20. 0-0-0 Rb6 21. Rde1 e5 22. N4f3 Qc5 23. Qd3 Rd8 24. Nb3 Qxd5 25. Qe3 Rbd6 0-1

[Event "Wch Seniors 65 24th"]
[Site "Katerini"]
[Date "2014.10.28"]
[Round "5"]
[White "Malisov, Boris"]
[Black "Serra Olives, Tomas"]
[Result "1/2-1/2"]
[WhiteElo "2250"]
[BlackElo "2156"]
[PlyCount "54"]
[EventDate "2014.10.24"]
[EventType "swiss"]
[EventRounds "11"]
[EventCountry "GRE"]
[SourceTitle "EXT 2015"]
[Source "ChessBase"]
[SourceDate "2014.11.20"]
[SourceVersion "1"]
[SourceVersionDate "2014.11.20"]
[SourceQuality "1"]

1. e4 c5 2. Nc3 e6 3. f4 d5 4. Nf3 dxe4 5. Nxe4 Be7 6. Ne5 Nf6 7. Ng5 0-0 8. g3 Nfd7 9. Nef3 e5 10. d3 exf4 11. gxf4 Bxg5 12. fxg5 Re8+ 13. Be2 Qe7 14. Bf4 Nb6 15. c4 Bg4 16. Kf2 Nc6 17. Re1 Qd7 18. Nh4 Rxe2+ 19. Rxe2 Nd4 20. Re7 Qxe7 21. Qxg4 Re8 22. b3 Nd7 23. Ng2 Nf8 24. Re1 Qd8 25. Rxe8 Qxe8 26. Ne3 Ng6 27. Bg3 Qe6 1/2-1/2

[Event "Jerusalem Japhet Memorial op"]
[Site "Jerusalem"]
[Date "2013.08.10"]
[Round "5"]
[White "Malisov, Boris"]
[Black "Ben Natan, Yigal"]
[Result "1-0"]
[WhiteElo "2253"]
[BlackElo "2119"]
[PlyCount "117"]
[EventDate "2013.08.04"]
[EventType "swiss"]
[EventRounds "5"]
[EventCountry "ISR"]
[SourceTitle "EXT 2019"]
[Source "ChessBase"]
[SourceDate "2018.10.10"]
[SourceVersion "1"]
[SourceVersionDate "2018.10.10"]
[SourceQuality "1"]

1. e4 e5 2. Bc4 Nf6 3. d3 Nc6 4. Nf3 Bc5 5. c3 a6 6. Nbd2 d6 7. Bb3 Be6 8. 0-0 0-0 9. Re1 Qe7 10. Nf1 Rad8 11. Ng3 Bb6 12. h3 Rfe8 13. Bc2 Bc8 14. Qe2 d5 15. Ba4 dxe4 16. dxe4 Nd7 17. Nf5 Qf8 18. b4 Ne7 19. N3h4 Ng6 20. Bg5 f6 21. Bb3+ Kh8 22. Nxg6+ hxg6 23. Bh4 Nb8 24. Qg4 Kh7 25. Bg3 Re6 26. Ne3 Bxe3 27. Rxe3 Qe8 28. Bxe6 Bxe6 29. Qe2 Nd7 30. Rd1 Nb6 31. Rxd8 Qxd8 32. Qc2 Qe7 33. a4 c5 34. b5 axb5 35. axb5 Bc4 36. Re1 Qd7 37. f3 Bxb5 38. Bf2 Qc6 39. Qd2 Nc4 40. Qd8 Nb2 41. Rb1 Nd3 42. Rd1 c4 43. Qb6 Qd7 44. Rb1 Ba6 45. Qe3 Qa4 46. Qd2 Qa5 47. Be3 Qa3 48. h4 Qd6 49. Rb6 Qc7 50. Qa2 Nf4 51. Qa3 Qd7 52. Rd6 Qb5 53. Bxf4 exf4 54. Qc1 Qb3 55. Qd2 Qa3 56. Rd8 Qe7 57. Qd5 g5 58. Qg8+ Kh6 59. Qh8+ 1-0

[Event "Jerusalem Japhet Memorial op"]
[Site "Jerusalem"]
[Date "2013.08.06"]
[Round "3"]
[White "Malisov, Boris"]
[Black "Gal, Moshe"]
[Result "1-0"]
[WhiteElo "2253"]
[BlackElo "2202"]
[PlyCount "46"]
[EventDate "2013.08.04"]
[EventType "swiss"]
[EventRounds "5"]
[EventCountry "ISR"]
[SourceTitle "EXT 2019"]
[Source "ChessBase"]
[SourceDate "2018.10.10"]
[SourceVersion "1"]
[SourceVersionDate "2018.10.10"]
[SourceQuality "1"]

1. e4 e5 2. Bc4 Nf6 3. d3 c6 4. Nf3 d5 5. Bb3 Bb4+ 6. c3 Bd6 7. Qe2 0-0 8. Bg5 Be6 9. Nbd2 Nbd7 10. 0-0 Qc7 11. h3 h6 12. Be3 Rfe8 13. Rfe1 Nf8 14. Nh4 Qe7 15. Qf3 Qd7 16. Bxh6 Nxe4 17. dxe4 gxh6 18. exd5 cxd5 19. Bxd5 Be7 20. Bxe6 Nxe6 21. Qg4+ Kh8 22. Ndf3 Rg8 23. Qh5 Bf8 1-0

[Event "Jerusalem Japhet Memorial op"]
[Site "Jerusalem"]
[Date "2013.08.04"]
[Round "1"]
[White "Malisov, Boris"]
[Black "Mikhalevski, Victor"]
[Result "0-1"]
[WhiteElo "2253"]
[BlackElo "2546"]
[PlyCount "86"]
[EventDate "2013.08.04"]
[EventType "swiss"]
[EventRounds "5"]
[EventCountry "ISR"]
[SourceTitle "EXT 2019"]
[Source "ChessBase"]
[SourceDate "2018.10.10"]
[SourceVersion "1"]
[SourceVersionDate "2018.10.10"]
[SourceQuality "1"]

1. e4 e5 2. Bc4 Nf6 3. d3 c6 4. Nf3 d5 5. exd5 cxd5 6. Bb5+ Bd7 7. Bxd7+ Nbxd7 8. 0-0 Bd6 9. c4 0-0 10. Nc3 d4 11. Ne2 h6 12. Ng3 Re8 13. Re1 a5 14. Nd2 Bb4 15. a3 Bxd2 16. Bxd2 Nc5 17. Bxa5 Rxa5 18. b4 Nxd3 19. Qxd3 Ra6 20. a4 g6 21. a5 Kg7 22. f3 h5 23. Ne4 h4 24. Nxf6 Rxf6 25. h3 Rfe6 26. Rad1 Kh7 27. c5 f5 28. Qc4 Qg5 29. b5 Kh6 30. a6 bxa6 31. b6 Qf6 32. f4 Rc8 33. b7 Rb8 34. Rxe5 Rxe5 35. fxe5 Qc6 36. Rxd4 Rxb7 37. Qc1+ Kg7 38. Rxh4 Kg8 39. Qc4+ Kg7 40. e6 Rb1+ 41. Kh2 Qc7+ 42. Qf4 Qxc5 43. e7 Qg1+ 0-1

[Event "Wch Seniors 19th"]
[Site "Condino"]
[Date "2009.11.02"]
[Round "6"]
[White "Malisov, Boris"]
[Black "Klovans, Janis"]
[Result "1/2-1/2"]
[WhiteElo "2377"]
[BlackElo "2408"]
[PlyCount "61"]
[EventDate "2009.10.27"]
[EventType "swiss"]
[EventRounds "11"]
[EventCountry "ITA"]
[SourceTitle "EXT 2010"]
[Source "ChessBase"]
[SourceDate "2010.11.25"]
[SourceVersion "1"]
[SourceVersionDate "2010.11.25"]
[SourceQuality "1"]

1. Nf3 d5 2. g3 Nf6 3. Bg2 e6 4. 0-0 Be7 5. d3 c5 6. Nbd2 Nc6 7. e4 0-0 8. Re1 b5 9. b3 Bb7 10. exd5 exd5 11. a4 a6 12. Bb2 Qd7 13. Ne5 Nxe5 14. Rxe5 Bd6 15. Re1 d4 16. Bxb7 Qxb7 17. axb5 axb5 18. b4 Rxa1 19. Bxa1 Qd5 20. bxc5 Bxc5 21. Qf3 Bb4 22. Ne4 Nd7 23. Rb1 Ba5 24. Bb2 Rc8 25. Ra1 Bb6 26. Nd2 Qxf3 27. Nxf3 f6 28. Nxd4 Bxd4 29. Bxd4 Rxc2 30. Rb1 Nc5 31. Be3 1/2-1/2

[Event "ISR-chT 0809"]
[Site "Israel"]
[Date "2008.12.19"]
[Round "3"]
[White "Golod, Vitali"]
[Black "Malisov, Boris"]
[Result "1-0"]
[WhiteElo "2584"]
[BlackElo "2390"]
[PlyCount "67"]
[EventDate "2008.12.12"]
[EventType "team-tourn"]
[EventRounds "11"]
[EventCountry "ISR"]
[SourceTitle "EXT 2010"]
[Source "ChessBase"]
[SourceDate "2010.11.25"]
[SourceVersion "1"]
[SourceVersionDate "2010.11.25"]
[SourceQuality "1"]

1. d4 c5 2. d5 Nf6 3. c4 g6 4. Nc3 Bg7 5. e4 0-0 6. Nf3 e6 7. Bd3 exd5 8. cxd5 d6 9. h3 b6 10. 0-0 Ba6 11. Bf4 Bxd3 12. Qxd3 a6 13. a4 Ra7 14. Nd2 Ne8 15. Nc4 Rb7 16. Qg3 Rd7 17. Ra3 Bxc3 18. bxc3 b5 19. axb5 axb5 20. Ne3 f6 21. Rb1 Nc7 22. Nf5 Kh8 23. Nxd6 g5 24. Be3 Rxd6 25. Bxc5 Rd7 26. Bxf8 Qxf8 27. Ra7 Nba6 28. Ra1 Rd6 29. Rb7 Qd8 30. Qe3 Qe8 31. Qa7 Qd8 32. Rb6 Rxb6 33. Qxb6 Nb8 34. Ra8 1-0

[Event "Wch Seniors 18th"]
[Site "Bad Zwischenahn"]
[Date "2008.11.06"]
[Round "10"]
[White "Pribyl, Josef"]
[Black "Malisov, Boris"]
[Result "1/2-1/2"]
[WhiteElo "2343"]
[BlackElo "2390"]
[PlyCount "45"]
[EventDate "2008.10.28"]
[EventType "swiss"]
[EventRounds "11"]
[EventCountry "GER"]
[SourceTitle "EXT 2009"]
[Source "ChessBase"]
[SourceDate "2008.11.26"]
[SourceVersion "1"]
[SourceVersionDate "2008.11.26"]
[SourceQuality "1"]

1. d4 c5 2. d5 Nf6 3. Nc3 g6 4. e4 Bg7 5. e5 Ng8 6. Nf3 d6 7. Bb5+ Kf8 8. exd6 exd6 9. Bg5 f6 10. Bf4 Nh6 11. 0-0 a6 12. Be2 Nf7 13. a4 f5 14. Qc1 Bf6 15. Bd2 b6 16. Ne1 Ra7 17. f4 Re7 18. Bc4 Kg7 19. Nf3 Rhe8 20. Re1 Rxe1+ 21. Bxe1 Nd7 22. Bd2 Bb7 23. Qf1 1/2-1/2

[Event "Wch Seniors 18th"]
[Site "Bad Zwischenahn"]
[Date "2008.10.28"]
[Round "1"]
[White "Kuehn, Peter1"]
[Black "Malisov, Boris"]
[Result "0-1"]
[WhiteElo "2044"]
[BlackElo "2390"]
[PlyCount "82"]
[EventDate "2008.10.28"]
[EventType "swiss"]
[EventRounds "11"]
[EventCountry "GER"]
[SourceTitle "EXT 2009"]
[Source "ChessBase"]
[SourceDate "2008.11.26"]
[SourceVersion "1"]
[SourceVersionDate "2008.11.26"]
[SourceQuality "1"]

1. e4 c6 2. d4 d5 3. Nc3 g6 4. Nf3 Bg7 5. Be3 Nh6 6. h3 f6 7. Qd2 Nf7 8. 0-0-0 a5 9. exd5 cxd5 10. Bb5+ Nc6 11. Kb1 0-0 12. Qe2 Qd6 13. g4 Na7 14. Ba4 e6 15. h4 b5 16. Nxb5 Ba6 17. Nxd6 Bxe2 18. Nxf7 Bxf3 19. Nh6+ Kh8 20. Rdg1 Bxh1 21. Rxh1 f5 22. gxf5 gxf5 23. Bg5 Bxd4 24. Bd7 Rab8 25. b3 Nb5 26. Bxe6 Rbe8 27. Nf7+ Kg7 28. Bh6+ Kf6 29. Bxf8 Nc3+ 30. Kc1 Rxe6 31. Ng5 Re2 32. Nf3 Nxa2+ 33. Kd1 Nc3+ 34. Kc1 Bxf2 35. Bh6 Be3+ 36. Bxe3 Rxe3 37. Rf1 Ne4 38. Nd4 f4 39. Nc6 Kf5 40. Nd4+ Kg4 41. Rg1+ Ng3 0-1

[Event "ISR-chT 08"]
[Site "Israel"]
[Date "2008.05.16"]
[Round "8.5"]
[White "Gesser, Bella"]
[Black "Malisov, Boris"]
[Result "1/2-1/2"]
[WhiteElo "2270"]
[BlackElo "2350"]
[PlyCount "129"]
[EventDate "2007.12.26"]
[EventType "tourn"]
[EventRounds "11"]
[EventCountry "ISR"]
[SourceTitle "EXT 2009"]
[Source "ChessBase"]
[SourceDate "2008.11.26"]
[SourceVersion "1"]
[SourceVersionDate "2008.11.26"]
[SourceQuality "1"]
[WhiteTeam "Petah Tikva Hapoel"]
[BlackTeam "Jerusalem Tikvatenu"]
[WhiteTeamCountry "ISR"]
[BlackTeamCountry "ISR"]

1. d4 d5 2. c4 c6 3. Nc3 Nf6 4. Nf3 Bf5 5. e3 e6 6. Be2 Nbd7 7. 0-0 Bd6 8. h3 0-0 9. Bd3 dxc4 10. Bxc4 e5 11. Nh4 Bg6 12. Nxg6 hxg6 13. Qc2 exd4 14. exd4 Nb6 15. Bb3 Nfd5 16. Bd2 Re8 17. Rae1 Qd7 18. Ne4 Rad8 19. Nc5 Qc8 20. Re4 Na8 21. Rfe1 Nac7 22. Bg5 Rxe4 23. Nxe4 Re8 24. Bd2 Qd7 25. Qd3 Re6 26. Rc1 Qe8 27. f3 Be7 28. Rf1 f5 29. Nc5 Bxc5 30. dxc5 Qe7 31. Qd4 Kh7 32. Bc4 Qf6 33. Qxf6 gxf6 34. Kf2 Re5 35. a3 f4 36. Rc1 Kg7 37. Re1 Rxe1 38. Kxe1 g5 39. Ke2 f5 40. b4 Kf6 41. Bc1 a6 42. Kf2 Kg6 43. Bd3 Nb5 44. g3 fxg3+ 45. Kxg3 Kf6 46. Bb2+ Nbc3 47. Bc4 Kg6 48. Bxc3 Nxc3 49. Be6 Nb5 50. Bc8 Nxa3 51. Bxb7 Nc2 52. Bxc6 Nxb4 53. Be8+ Kf6 54. f4 gxf4+ 55. Kf3 a5 56. h4 Na6 57. h5 Nxc5 58. h6 Ne6 59. Bd7 Nf8 60. h7 Nxh7 61. Kxf4 Nf8 62. Bxf5 a4 63. Bb1 Nd7 64. Ke4 Ke6 65. Kd4 1/2-1/2